| 000 -ლიდერი |
| ფიქსირებული სიგრძის საკონტროლო ველი |
02936nam a2200325Ia 4500 |
| 001 - საკონტროლო ნომერი |
| საკონტროლო ველი |
22071 |
| 003 - საკონტროლო ნომრის იდენტიფიკატორი |
| საკონტროლო ველი |
GE_BSU |
| 005 - ბოლო ოპერაციის თარიღი და დრო |
| საკონტროლო ველი |
20221012163323.0 |
| 008 - ფიქსირებული სიგრძის მონაცემთა ელემენტები - ზოგადი ინფორმაცია |
| ფიქსირებული სიგრძის საკონტროლო ველი |
181216s ||||ge |||||||||||||| ||geo|| |
| 020 ## - წიგნის საერთაშორისო სტანდარტული ნომერი |
| International Standard Book Number |
9789941468087 |
| 040 ## - კატალოგიზაციის წყარო |
| Transcribing agency |
GE_BSU |
| 041 ## - ენის კოდი |
| Language code of text/sound track or separate title |
geo |
| 080 ## - უნივერსალური ათობითი კლასიფიკაციის ინდექსი |
| Universal Decimal Classification number |
821.124.03=353.1 რ-79 |
| 245 ## - ცნობა სათაურის შესახებ |
| Title |
რომაული ლირიკის მწვერვალები = Lyrica romana : |
| Remainder of title |
[კრებული] / |
| Statement of responsibility, etc |
ლათინურიდან თარგმნა, შესავალი წერილი, წინათქმები და კომენტარები დაურთო მანანა ღარიბაშვილმა ; რედაქტორები : გიორგი ლობჟანიძე, დავით წერედიანი ; დიზაინი ალექსანდრე ჯიქურიძე. |
| 264 ## - წარმოების, გამოცემის, დისტრიბუციის და სხვა ცნობები |
| გამოცემის, წარმოების, დისტრიბუციის... ადგილი |
თბილისი : |
| გამოცემის, წარმოების, დისტრიბუციის... სახელწოდება |
ლოგოსი, |
| გამოცემის, წარმოების, დისტრიბუციის... თარიღი |
2016. |
| 300 ## - ფიზიკური აღწერა |
| Extent |
286 გვ. : |
| Other physical details |
ილ. ; |
| Dimensions |
21 სმ. |
| 490 ## - სერიის ცნობა |
| Series statement |
პროგრამა ”ლოგოსი” : პუბლიკაციები და ღონისძიებები კლასიკური ფილოლოგიის, ბიზანტინისტიკისა და ნეოგრეცისტიკის სფეროში |
| 500 ## - ზოგადი შენიშვნა |
| General note |
წიგნი გამოიცა ქართული წიგნის ეროვნული ცენტრის და საქართველოს კულტურისა და ძეგლთა დაცვის სამინისტროს მხარდაჭერით |
| 501 ## - შენიშვნა თანმხლებ მასალაზე |
| With note |
წიგნში გამოყენებულია პაბლო პიკასოს ილუსტრაციები |
| 501 ## - შენიშვნა თანმხლებ მასალაზე |
| With note |
წიგნში გამოყენებულია პაბლო პიკასოს ილუსტრაციები |
| 504 ## - BIBLIOGRAPHY, ETC. NOTE |
| Bibliography, etc |
კომენტარები გვ. : 247-286 |
| 520 ## - SUMMARY, ETC. |
| Summary, etc |
წიგნში გამოყენებულია პაბლო პიკასოს ილუსტრაციები.წიგნი გამოიცა ქართული წიგნის ეროვნული ცენტრის და საქ. კულტურისა და ძეგლთა დაცვის სამინისტროს მხარდაჭერით. |
| 653 ## - INDEX TERM--UNCONTROLLED |
| Uncontrolled term |
ლათინური ლიტერატურა |
| 653 ## - INDEX TERM--UNCONTROLLED |
| Uncontrolled term |
რომაული ლირიკის მწვერვალები = Lyrica romana |
| 653 ## - INDEX TERM--UNCONTROLLED |
| Uncontrolled term |
[კრებული] |
| 700 ## - ADDED ENTRY--PERSONAL NAME |
| Personal name |
ლობჟანიძე, გიორგი |
| Relator term |
რედაქტორი |
| 9 (RLIN) |
6092 |
| 700 ## - ADDED ENTRY--PERSONAL NAME |
| Personal name |
წერედიანი, დავით |
| Relator term |
რედაქტორი |
| 9 (RLIN) |
12333 |
| 942 ## - ADDED ENTRY ELEMENTS (KOHA) |
| Koha item type |
წიგნი |
| Source of classification or shelving scheme |
|